| 000 | 00893cam a2200205 i 4500 | ||
|---|---|---|---|
| 999 |
_c57968 _d57968 |
||
| 001 | 17123678 | ||
| 005 | 20221114121928.0 | ||
| 008 | 120117s2012 njua b 001 0 eng | ||
| 020 | _a9780691153926x | ||
| 041 | _aeng | ||
| 080 | _a327(4) R-30 | ||
| 100 | 1 |
_aFinke, Daniel. _911309 |
|
| 245 | 1 | 0 |
_aReforming the European Union : _brealizing the impossible / _cDaniel Finke, Thomas König, Sven-Oliver Proksch, and George Tsebelis. |
| 264 | 1 |
_aPrinceton : _bPrinceton University Press, _c[2012] |
|
| 300 |
_axvi, 227 pages : _billustrations ; _c24 cm. |
||
| 653 | _aReforming the European Union : Realizing the Impossible | ||
| 653 | _aევროკავშირის რეფორმირება : შეუძლებელია | ||
| 653 | _aРеформирование Европейского Союза : реализация невозможного | ||
| 942 |
_2udc _cBK |
||